| 000 | 00815nam a22002655i 4500 | ||
|---|---|---|---|
| 001 | 66648 | ||
| 003 | ES-MaACL | ||
| 005 | 20230906165744.0 | ||
| 007 | t| | ||
| 008 | 930922s1993 sp ||||0| spa d | ||
| 020 | _a84-450-7139-4 | ||
| 040 |
_aM-BN _bspa _cM-BN |
||
| 080 | _a820-31"19" | ||
| 100 | 1 |
_aTolkien, J. R. R. _9110463 |
|
| 245 | 1 | 3 |
_aEl silmarillion / _cJ.R.R. Tolkien ; edición de Christopher Tolkien ; [traducción de Rubén Masera y Luis Domènech]. |
| 250 | _a1ª ed. de bolsillo. | ||
| 260 |
_aBarcelona : _bMinotauro, _c1993. |
||
| 300 |
_a432 p., [5] p. de map ; _c18 cm. |
||
| 500 | _aIndice. | ||
| 700 | 1 |
_aTolkien, Christopher. _9110462 |
|
| 700 | 1 |
_aMasera, Rubén. _978704 |
|
| 700 | 1 |
_aDomènech, Luis. _945082 |
|
| 852 |
_aES-MaACL _jL-27133 _bR.132745 |
||
| 999 |
_c66648 _d66648 |
||